| 000 | 01050cab a22001935a 4500 | ||
|---|---|---|---|
| 001 | L144197 | ||
| 008 | 080703s2008 xxko f s 000 0 eng d | ||
| 035 | _a(Sirsi) u144197 | ||
| 041 | 0 | _aeng | |
| 100 | 1 | _aMeneray, Steve | |
| 245 | 0 | 0 | _aPoints North |
| 260 | _c2008 | ||
| 490 |
_aHousebuilder _v67(5) June 2008, 14-15(2) |
||
| 520 | _aDiscusses the impact on local builders of the credit crunch and a first quarter fall in new home starts of 19%. Small to medium housebuilders were reticent to discuss the topic, but those who were interviewed consistently stated that trading conditions were tough and that incentives and profits from other parts of the company were helping to keep their businesses commercially viable. Also mentions that sales in certain price ranges have fallen noticeably as a result of difficulties obtaining consumer credit. | ||
| 590 | _aKA | ||
| 651 | 4 |
_aEngland and Wales _y1543- |
|
| 690 | _aPROPERTY-RESIDENTIAL PROPERTY-DOMESTIC RESIDENTIAL PROPERTY-HOUSING-HOUSES-DETACHED AND SEMI DETACHED HOUSES | ||
| 942 | _n0 | ||
| 999 |
_c80379 _d80379 |
||